Statistics for 3rd Life Quiz

Click here to take the quiz!

General Stats

  • This quiz has been taken 46 times
  • The average score is 13 of 15

Answer Stats

QuestionAnswer% Correct
Who was 1st out?Solidarity Gaming
98%
Which members of 3rd Life weren't on Empires or Hermitcraft?BigBst4tz2, Skizzleman and InTheLittleWood
95%
Which Hermitcraft game was 3rd Life Based On?Demised
95%
Who were the "Flower Husbands"Smajor1995 and Solidarity Gaming
95%
Who lived in the Crastle?BdoubleO100 and ZombieCleo
93%
What was the name of the fort founded by Rendog and InTheLittleWood?Dogwarts
93%
Who won 3rd Life?Grian
93%
Which of these members didn't live alone?Smajor1995
93%
Who made the creeper sounds using a sound board (Session 1)InTheLittleWood
91%
Who was killed by Grian on accident using a creeper (Session 1)GoodTimesWithScar
86%
Who stole BigBst4tz2's Cookie? (Session 8)Grian and GoodTimesWithScar
84%
Which type of tool was "Red Winter Is Coming"?Axe
82%
Who was the last Yellow Name?Grian
75%
Who got killed trying to put out the fire on their roof? (Session 5)Smallishbeans
73%
What was the game called owned by Tango Tek? (3rd Life)Dare to Flare
70%

Score Distribution

Percentile by Number Answered

Percent of People with Each Score

Your Score History

You have not taken this quiz